| 000 | 01558cam a22003011i 4500 | ||
|---|---|---|---|
| 003 | SA-RiAUC | ||
| 005 | 20250601142951.0 | ||
| 008 | 250521s1990 ua g 00000 ara c | ||
| 040 |
_aSA-RiAUC _bara _cSA-RiAUC _erda |
||
| 082 | 0 | 4 |
_a251 _qSA-RiAUC |
| 090 |
_a251 _bز ر ك |
||
| 100 | 1 |
_aالزركشي، محمد بن بهادر بن عبد الله، _d745-794 هجري _eمؤلف. |
|
| 245 | 1 | 0 |
_aسلاسل الذهب / _cبدر الدين الزركشي ؛ تحقيق ودراسة محمد المختار الأمين الشنقيطي ؛ تقديم عمر عبد العزيز محمد، عطية محمد سالم. |
| 250 | _aالطبعة الأولى. | ||
| 264 | 1 |
_aالقاهرة : _bمكتبة ابن تيمية، _c1990 |
|
| 300 |
_a516 صفحة ؛ _c24 سم |
||
| 336 |
_aنص _btxt _2rdacontent _3كتاب |
||
| 337 |
_aبدون وسيط _bn _2rdamedia |
||
| 338 |
_aمجلد _bnc _2rdacarrier |
||
| 500 | _aالأصل أطروحة دكتوراه-الجامعة الإسلامية، 1404 هـ. | ||
| 650 | 7 |
_aأصول الفقه الإسلامي _2aucsh |
|
| 700 | 1 | 2 |
_iتحقيق لـ : _aالزركشي، محمد بن بهادر بن عبد الله، _d745-794 هجري. _tسلاسل الذهب |
| 700 | 1 |
_aمحمد، عمر عبد العزيز _eمقدم. |
|
| 700 | 1 |
_aسالم، عطية محمد، _d1346-1420 هجري _eمقدم. |
|
| 700 | 1 |
_aالشنقيطي، محمد الأمين بن محمد المختار بن عبد القادر، _d1907-1973 _eمحقق. |
|
| 942 |
_2ddc _cBOOK _n0 |
||
| 949 |
_aSA-JeALM _d250521 _uosman123 _n1 |
||
| 999 |
_c8623 _d8623 |
||